LEADER 00768nam a2200193 4500 001 000000356359 003 CaOOAMICUS 005 20231205152223.0 008 231205s1860 it 000 u ita r 040 $aSeMil$bita 245 00$aProgramma per gli esami finali del corso liceale. 264 1$aTorino :$bStamperia Reale,$c1860. 300 $aP. 3209-3240 ;$c22 cm 650 4$aRegno di Sardegna <1720-1861>.$0(OLS)http://semarc/subject/45293 850 $aSeMil 852 $aSeMil$W1$xVenegono$y1$m5B IV 10/6$j244940$B247527$CSeMilBibl$Z2$F247527 $8I 996 $6245$aProgramma per gli esami finali del corso liceale$9(OLS)http://semarc/title/446617 996 $6264$aTorino :$bStamperia Reale$9(OLS)http://semarc/publisher/34077 LEADER 00888nam a2200217 i 4500 001 000000256367 003 CaOOAMICUS 005 20171123000000.0 008 171123s1767 it u000 u ita u 013 $a235275 026 $ai-l' i-re a,ta doSi (3) 1767 (R) 040 $aSeMil$bita 245 10$aDecina prima. 300 $aVIII, 202, [6] p. 500 $aDedicato a Paolo Francesco Giustiniani. - Segn.: pg1 *4(-*4) A-I8 K4 L-N8 O4. - Lascito Card. C.M. Martini. 773 0 $tOrazioni sacre composte, e recitate in varie occasioni dal padre f. Bernardo di Venezia ... . Decina 1. [-3.].$dIn Trevigi : Presso Giulio Trento, 1767-1768.$g1$w()18543 850 $aSeMil 852 $aSeMil$W1$xVenegono$y1$m2D II 138 FA$j206713$B206713$CSeMilBibl$Z2$F220132 $8I 941 1 $a4 961 $aLascito: Martini Card. Carlo Maria 996 $6245$aDecina prima$9(OLS)http://semarc/title/412230